Les 50 pays les plus souvent tapés sur JetPunk - Statistiques

Statistiques générales
  • Ce quiz a été pris 110 fois
  • Le résultat moyen est 43 sur 50
Statistiques - réponses
Hint Réponse % Correct
Europe France
100%
Amérique du N États-Unis
99%
Amérique du S Brésil
98%
Amérique du N Canada
98%
Asie Chine
98%
Europe Espagne
97%
Europe Allemagne
95%
Asie Japon
95%
Europe Russie
95%
Europe Royaume-Uni
94%
Amérique du S Argentine
92%
Océanie Australie
92%
Europe Italie
92%
Europe Portugal
92%
Europe Suisse
92%
Afrique Algérie
91%
Europe Belgique
91%
Afrique Maroc
91%
Europe Pologne
91%
Europe Suède
91%
Asie Inde
90%
Amérique du N Mexique
90%
Europe Norvège
90%
Europe Irlande
89%
Asie / Europe Turquie
89%
Europe Finlande
88%
Europe Grèce
88%
Europe Pays-Bas
88%
Afrique Afrique du Sud
87%
Europe Autriche
86%
Europe Ukraine
86%
Europe Croatie
85%
Afrique Égypte
84%
Europe Roumanie
84%
Afrique Tunisie
84%
Europe Hongrie
82%
Europe Islande
82%
Europe Lettonie
82%
Europe Lituanie
82%
Europe Estonie
81%
Europe Slovaquie
81%
Europe Tchéquie
81%
Europe Danemark
80%
Europe Serbie
80%
Europe Biélorussie
77%
Europe Slovénie
77%
Europe Bulgarie
75%
Afrique Nigeria
61%
Europe Angleterre
48%
Europe Écosse
24%
Aucun quiz correspondant
Distribution des résultats
% des personnes avec chaque résultat
Percentile par nombre de réponses
Votre historique - résultats
Vous n’avez pas pris ce quiz